[Event "><емпионат ЦФО РФ среди муж~~ин по класси"]
[Site "Московская область. Одинцовск"]
[Date "2018.03.10"]
[Round "1.1"]
[White "Новиков, Максим."]
[Black "Попов, Олег."]
[Result "1-0"]
[WhiteElo "2497"]
[BlackElo "2127"]
[PlyCount "83"]
[EventDate "2018.??.??"]

1. e4 e6 2. d3 d5 3. Nd2 Nf6 4. Ngf3 b6 5. c3 dxe4 (5... Be7) 6. dxe4 Bb7 7.
Bb5+ c6 8. Be2 Nbd7 9. O-O e5 10. Qc2 Qc7 11. Nc4 a5 12. Bg5 Be7 13. Bh4 b5 14.
Ne3 O-O 15. a4 Rfe8 16. Nd2 Ba6 17. Bxf6 Nxf6 18. Rfd1 Bc5 19. axb5 cxb5 20.
Nd5 Nxd5 21. exd5 Rad8 22. Ne4 {Диаграмма [#]} Bf8 (22... Bb6 23. d6 Qd7 24. b4
a4 25. Rxa4 bxa4 26. Bxa6 $16) 23. d6 (23. b3 $5 Be7 24. Qa2 $18) 23... Bxd6
24. Nxd6 Rxd6 25. Rxd6 Qxd6 26. Rxa5 Rd8 27. Ra1 g6 28. Rd1 Qb6 29. Rd3 Kg7 30.
h4 h5 31. Qd2 Rxd3 32. Qxd3 Qf6 (32... Qc6 33. Qe3 Qd5 34. Bf3 Qd6 $14) 33. Qd5
Qxh4 34. Bxb5 Bc8 (34... Bxb5 35. Qxe5+ Kh7 36. Qxb5 $16) 35. Qxe5+ Kh7 36. b4
Qg4 37. Be2 Qd7 38. Bf3 Ba6 39. Qd5 Qe7 40. b5 Qe1+ 41. Kh2 Qxf2 42. Qxf7+ 1-0

[Event "><емпионат ЦФО РФ среди муж~~ин по класси"]
[Site "Московская область. Одинцовск"]
[Date "2018.03.10"]
[Round "1.3"]
[White "Балашов, o/oрий."]
[Black "Журавлев, Степан."]
[Result "1/2-1/2"]
[WhiteElo "2431"]
[BlackElo "2086"]
[PlyCount "98"]
[EventDate "2018.??.??"]

1. c4 e6 2. g3 d5 3. Bg2 Nf6 4. Nf3 c6 5. b3 Nbd7 6. Bb2 Be7 7. O-O O-O 8. Qc2
b6 9. Nc3 (9. d3 Bb7 10. Nbd2 Rc8 11. e4 c5) 9... Bb7 10. d4 Rc8 11. Rad1 Ba8 (
11... b5 12. c5 b4 13. Nb1 Ba6) 12. e4 Nxe4 13. Nxe4 dxe4 14. Qxe4 c5 15. Qe2
cxd4 16. Nxd4 Bxg2 17. Kxg2 Qc7 18. Nb5 Qb7+ 19. Qf3 Rb8 20. Rfe1 Nf6 21. Nd6
Qxf3+ 22. Kxf3 Rfd8 23. Nb5 a6 24. Na7 Rxd1 25. Rxd1 Rd8 26. Rxd8+ Bxd8 27. Nc6
Bc7 28. b4 Nd7 29. Ke3 f6 30. f4 Kf7 31. Ke4 h5 32. Bd4 g6 33. a4 Bd6 34. Bc3
Bc7 35. Bd4 Bd6 36. Be3 Ke8 37. Kd3 Kf7 38. Kc3 e5 39. fxe5 fxe5 40. a5 bxa5
41. Nxa5 Ke6 42. Nb7 Bc7 43. Kd3 Kf5 {Диаграмма [#]} 44. h3 $2 {[%mdl 12288]}
e4+ 45. Kd4 Bxg3 46. c5 Be5+ 47. Kc4 Bf4 48. Kd4 Bxe3+ 49. Kxe3 Ke5 1/2-1/2

[Event "><емпионат ЦФО РФ среди муж~~ин по класси"]
[Site "Московская область. Одинцовск"]
[Date "2018.03.10"]
[Round "1.4"]
[White "Курбатов, Андрей."]
[Black "Садовский, Артём."]
[Result "0-1"]
[WhiteElo "2070"]
[BlackElo "2418"]
[PlyCount "84"]
[EventDate "2018.??.??"]

1. d4 g6 2. c4 Bg7 3. Nf3 d6 4. Nc3 e5 5. dxe5 dxe5 6. Bg5 (6. Qxd8+) 6... f6
7. Qxd8+ Kxd8 8. O-O-O+ Nd7 9. Be3 Bh6 10. Nd5 Bxe3+ 11. Nxe3 c6 12. g3 Ke7 13.
Bg2 a5 14. Nd2 f5 15. Nc2 Ngf6 16. h3 Nc5 17. f4 Nh5 18. fxe5 Nxg3 19. Rhe1 Be6
20. Nd4 Rad8 21. N4b3 (21. N2b3 Nxb3+ 22. axb3 f4 $17) 21... Nxb3+ 22. axb3 Rd4
23. e3 Rd3 24. Nf1 Rxd1+ 25. Rxd1 Nxf1 26. Rxf1 Ra8 27. Kd2 a4 28. Ra1 Rd8+ 29.
Kc3 axb3 30. Ra7 Rd7 31. Ra8 Rd1 32. Ra7 Rc1+ 33. Kxb3 Bxc4+ 34. Kb4 Ba6 35.
Ra8 Rc2 36. Bf3 Rxb2+ 37. Kc3 Rb5 38. Be2 Rc5+ 39. Kb4 Rxe5 40. Bxa6 bxa6 41.
Rxa6 Kd6 42. Ra7 Re4+ 0-1

[Event "><емпионат ЦФО РФ среди муж~~ин по класси"]
[Site "Московская область. Одинцовск"]
[Date "2018.03.10"]
[Round "1.5"]
[White "Домогаев, Сергей."]
[Black "Ижокин, Игорь."]
[Result "1-0"]
[WhiteElo "2417"]
[BlackElo "2030"]
[PlyCount "93"]
[EventDate "2018.??.??"]

1. d4 d5 2. c4 e6 3. Nc3 Nf6 4. cxd5 exd5 5. Bg5 Be7 6. e3 c6 7. Bd3 Nbd7 8.
Qc2 O-O 9. h3 Re8 10. Nf3 Nf8 11. O-O Ng6 12. Bxf6 Bxf6 13. b4 a6 14. Rab1 (14.
a4) 14... Be6 15. Na4 Nf8 16. Nc5 Bc8 17. a4 h6 18. b5 axb5 19. axb5 Ne6 20.
bxc6 bxc6 21. Nxe6 Rxe6 22. Bh7+ Kh8 23. Bf5 Re8 24. Rfc1 Bxf5 25. Qxf5 Re6 26.
Rb7 $14 {Диаграмма [#]} Kg8 $2 (26... Qe8 $14) 27. Ne5 $1 $16 Qc8 28. Rcb1 Re7
$2 {Решаo^щая ошибка.} 29. Nd7 $18 Re8 30. Nxf6+ gxf6 31. Qxf6 Qe6 32. Qf4 Qg6
33. Kh2 Re4 34. Rb8+ Kg7 35. Qc7 Re8 36. Rxa8 Rxa8 37. Rb6 Ra2 38. Qe5+ Kh7 39.
Rb8 Qg7 40. Qf5+ Qg6 41. Qc8 Qg7 42. Qxc6 Rxf2 43. Qxd5 Qg6 44. Re8 Rf1 45. Qe5
Rf6 46. d5 h5 47. d6 1-0

[Event "><емпионат ЦФО РФ среди муж~~ин по класси"]
[Site "Московская область. Одинцовск"]
[Date "2018.03.10"]
[Round "1.6"]
[White "Казьмин, Семен."]
[Black "Родин, Дмитрий."]
[Result "0-1"]
[WhiteElo "2022"]
[BlackElo "2398"]
[PlyCount "76"]
[EventDate "2018.??.??"]

1. e4 c5 2. Nf3 e6 3. d4 cxd4 4. Nxd4 a6 5. Nc3 Qc7 6. Bd3 Nf6 7. O-O Nc6 8.
Be3 Ne5 9. Be2 Be7 (9... Bc5 10. Qd2 b5 11. f4 Nc4 12. Bxc4 bxc4 13. Nf3) 10.
f4 Nc4 11. Bxc4 Qxc4 12. Qf3 d6 13. Rad1 O-O 14. e5 Ne8 15. Nb3 Qc7 16. Qg3 b5
17. f5 $2 dxe5 18. f6 $2 Nxf6 19. Rxf6 $2 Bxf6 {У ~~ёрных лишняя фигура.} 20.
Ne4 Be7 21. Bh6 g6 22. Bxf8 Kxf8 23. Rf1 $6 Bb7 24. Ng5 Bxg5 25. Qxg5 Qxc2 26.
h4 Rc8 27. Rf2 Qd1+ 28. Rf1 Qd5 29. Rf2 Rc4 30. h5 Qd1+ 31. Rf1 Qg4 32. Qd8+
Kg7 33. h6+ Kxh6 34. Rf2 Rf4 35. Qf8+ Kh5 36. Rd2 Qg3 37. Re2 Bxg2 38. Rxe5+ f5
0-1

[Event "><емпионат ЦФО РФ среди муж~~ин по класси"]
[Site "Московская область. Одинцовск"]
[Date "2018.03.10"]
[Round "1.7"]
[White "Вдовин, Вадим."]
[Black "Захаров, Никита."]
[Result "1-0"]
[WhiteElo "2381"]
[BlackElo "2022"]
[PlyCount "117"]
[EventDate "2018.??.??"]

1. e4 c5 2. Nf3 Nc6 3. d4 cxd4 4. Nxd4 e5 5. Nb5 a6 6. Nd6+ Bxd6 7. Qxd6 Qf6 8.
Qxf6 Nxf6 9. Nc3 Nb4 10. Kd2 d5 (10... d6 11. a3 Nc6 12. Ke1 h6 13. Be3 Be6 14.
f3 Ne7 15. Na4) 11. a3 d4 12. axb4 dxc3+ 13. Ke3 Ng4+ 14. Ke2 f5 15. f3 Nf6 16.
exf5 Bxf5 17. bxc3 Bxc2 18. Ra5 e4 19. Be3 O-O-O 20. Bd4 Rhe8 21. Kf2 Nd5 22.
Be2 Bd3 (22... Nf4 23. Rc5+ Kb8 24. Re5 Nxe2 25. Kxe2 exf3+ 26. Kxf3 $11) 23.
Re1 Nf4 24. Bd1 Bb1 $2 (24... exf3 $142) 25. Kg3 Ne6 26. Be5 (26. Bb6 Rd2 27.
Ba4 Rf8 28. Be3 Rb2 29. Bc1 Rc2 30. Bxc2 $18) 26... Bd3 27. fxe4 Bxe4 (27...
Bb5) 28. Bg4 Rd3+ 29. Kf2 Rf8+ 30. Ke2 Kd7 31. Bxg7 Rf4 32. Bxe6+ Kxe6 33. Bd4
$18 Bg6 34. Rea1 Kf7 35. Rg5 Rdxd4 36. cxd4 Rxd4 37. b5 Rd6 38. bxa6 Bd3+ 39.
Ke3 Bxa6 40. Ra2 Re6+ 41. Kd4 Rf6 42. Raa5 Ke6 43. Rae5+ Kd6 44. Ref5 Re6 45.
Rf7 Rh6 46. h3 Rh4+ 47. Rg4 Rxg4+ 48. hxg4 Be2 49. Rxb7 Bxg4 50. Rxh7 Ke6 51.
Ra7 Kf6 52. Ke4 Bf5+ 53. Kf4 Bc2 54. Ra6+ Kg7 55. g4 Bd3 56. Rb6 Bc2 57. Kg5
Be4 58. Ra6 Bd3 59. Ra7+ 1-0

[Event "><емпионат ЦФО РФ среди муж~~ин по класси"]
[Site "Московская область. Одинцовск"]
[Date "2018.03.10"]
[Round "1.12"]
[White "Новиков, Алексей."]
[Black "Гра~~ев, Андрей."]
[Result "1-0"]
[WhiteElo "1869"]
[BlackElo "2274"]
[PlyCount "87"]
[EventDate "2018.??.??"]

1. e4 e6 2. d4 d5 3. Nd2 Be7 4. g3 c5 5. exd5 (5. Ne2) 5... Qxd5 6. Ngf3 cxd4
7. Bg2 Nf6 8. O-O d3 9. Re1 O-O 10. Ne5 dxc2 11. Qxc2 Qc5 12. Ndc4 Nd5 13. Be4
h6 14. Qe2 b5 15. Ne3 Nd7 16. N3g4 Nxe5 17. Nxe5 Bd6 18. Bb1 Nf6 19. Ng4 Nxg4
20. Qxg4 Qc4 21. Qf3 Bb4 22. Bd3 {Диаграмма [#]} Qc7 $2 (22... Bb7 $17) 23. Qe4
$18 {Тройной удар!} (23. Qxa8 Bxe1 24. Qe4 Bxf2+ 25. Kxf2 f5 $18) 23... Rd8 24.
Bf4 Qd7 25. Red1 Bb7 26. Qh7+ Kf8 27. Be4 Qxd1+ 28. Rxd1 Rxd1+ 29. Kg2 Bxe4+
30. Qxe4 Rad8 31. Qxb4+ Kg8 {У белых материальный перевес.} 32. Qxb5 R1d5 33.
Qb7 a5 34. Bc7 R8d7 35. Qc8+ Kh7 36. Bxa5 Ra7 37. b4 Rd2 38. a4 Ra2 39. Qc4 Ra3
40. Qc1 Rd3 41. Qc2 Rad7 42. b5 g6 43. b6 R3d5 44. Bc3 1-0

[Event "><емпионат ЦФО РФ среди муж~~ин по класси"]
[Site "Московская область. Одинцовск"]
[Date "2018.03.10"]
[Round "1.13"]
[White "Урo^пин, Игорь."]
[Black "Гараев, Заур."]
[Result "1-0"]
[WhiteElo "2261"]
[BlackElo "1864"]
[PlyCount "43"]
[EventDate "2018.??.??"]

1. c4 c6 2. Nf3 d5 3. e3 Nf6 4. Nc3 a6 5. d4 b5 6. b3 Bg4 7. h3 Bxf3 8. gxf3
Nbd7 9. Bb2 e5 $6 (9... dxc4 10. bxc4 e5 11. cxb5 axb5 12. dxe5 Nxe5 13. f4
Ned7 14. Bg2) 10. dxe5 Nxe5 11. cxd5 cxd5 12. Bg2 Bb4 13. O-O Bxc3 14. Bxc3 Ng6
15. f4 O-O 16. Qd4 Qd7 17. Kh2 Nh4 18. Rg1 {Диаграмма [#]} Qe6 $4 19. Bxd5 {
Диаграмма [#]} Qxd5 $2 20. Rxg7+ ({После} 20. Qxd5 Nxd5 21. Rxg7+ Kh8 {
мельница не полу~~ается!}) 20... Kh8 21. Qxf6 Nf3+ 22. Kg3 1-0

[Event "><емпионат ЦФО РФ среди муж~~ин по класси"]
[Site "Московская область. Одинцовск"]
[Date "2018.03.10"]
[Round "1.16"]
[White "Горский, Александр."]
[Black "Иоффе, Илья."]
[Result "0-1"]
[WhiteElo "1756"]
[BlackElo "2231"]
[PlyCount "66"]
[EventDate "2018.??.??"]

1. d4 d5 2. c4 c6 3. Nf3 Nf6 4. Qc2 g6 5. Bf4 Bg7 6. e3 O-O 7. Nc3 Bf5 8. Qb3
Qb6 9. Be2 Qxb3 10. axb3 Nbd7 11. O-O a6 12. Rfc1 Rac8 13. h3 h6 14. c5 Ne4 15.
g4 Be6 16. Kg2 g5 17. Bh2 f5 18. Nxe4 fxe4 19. Nd2 Rf7 20. b4 Nf8 21. Nb3 Ng6
22. Na5 Rcf8 23. Bg3 Nf4+ 24. exf4 gxf4 25. Bh4 f3+ 26. Bxf3 Rxf3 27. Rd1 Bc8
28. Rd2 (28. Bg3) 28... e5 29. dxe5 Bxe5 30. Re1 h5 31. gxh5 Bxh3+ 32. Kh1 Kh7
33. Nxb7 Bc8 0-1

[Event "><емпионат ЦФО РФ среди муж~~ин по класси"]
[Site "Московская область. Одинцовск"]
[Date "2018.03.11"]
[Round "2.1"]
[White "Округин, Сергей."]
[Black "Новиков, Максим."]
[Result "1/2-1/2"]
[WhiteElo "2316"]
[BlackElo "2497"]
[PlyCount "81"]
[EventDate "2018.??.??"]

1. e4 c5 2. Nf3 d6 3. d4 cxd4 4. Nxd4 Nf6 5. Nc3 g6 6. Be3 Bg7 7. f3 O-O 8. Qd2
Nc6 9. O-O-O d5 10. Qe1 e5 11. Nxc6 bxc6 12. exd5 Nxd5 13. Bc4 Be6 14. Bb3 a5
15. Na4 Qe7 16. Bc5 Qg5+ 17. Qd2 Qxd2+ 18. Kxd2 Rfd8 19. Ke2 e4 20. Kf2 exf3
21. Kxf3 h5 22. h3 g5 23. Bd4 g4+ 24. Kg3 gxh3 25. gxh3 Kh7 26. Bxg7 Rg8 27.
Kh2 Rxg7 28. Rhg1 Rag8 29. Rxg7+ Rxg7 30. Nc5 Ne3 31. Rg1 Bc8 32. Ne4 Rxg1 33.
Kxg1 Kh6 34. Nd6 Bxh3 35. Nxf7+ Kg7 36. Nd8 c5 37. Be6 Bxe6 38. Nxe6+ Kf6 39.
Nxc5 Nxc2 40. Nb3 a4 41. Nc5 1/2-1/2

[Event "><емпионат ЦФО РФ среди муж~~ин по класси"]
[Site "Московская область. Одинцовск"]
[Date "2018.03.11"]
[Round "2.2"]
[White "Садовский, Артём."]
[Black "Урo^пин, Игорь."]
[Result "1/2-1/2"]
[WhiteElo "2418"]
[BlackElo "2261"]
[PlyCount "163"]
[EventDate "2018.??.??"]

1. c4 c5 2. g3 Nc6 3. Bg2 g6 4. e3 Bg7 5. Ne2 e5 6. Nbc3 d6 7. a3 Nge7 8. Rb1
Be6 9. Nd5 O-O 10. Nec3 Qd7 11. h4 h5 12. b4 Rab8 13. d3 b6 14. Qa4 Rbd8 15. b5
Na5 16. Nxe7+ Qxe7 17. Nd5 Qd7 18. Bd2 Bf5 19. Bxa5 bxa5 20. Rb3 Rfe8 21. Qxa5
e4 22. Qc7 Qe6 23. Nf4 Qf6 24. O-O Rd7 25. Qc6 exd3 26. e4 Bg4 27. Rxd3 Red8
28. Rb1 g5 29. Nd5 Qh6 30. hxg5 Qxg5 31. f4 Qh6 32. Ne3 Bd4 33. Rxd4 cxd4 34.
Nxg4 hxg4 35. Rd1 d3 36. Rxd3 Qe6 37. Rd5 f6 38. Rd4 Kf8 39. Qd5 Qxd5 40. Rxd5
Rc7 41. Bf1 Rc5 42. Be2 Rxd5 43. exd5 Ke7 44. a4 a5 45. Bd3 Kd7 46. Kf2 Kc7 47.
Bf5 Rg8 48. Be6 Rg7 49. Ke3 Kb6 50. Kd4 Rh7 51. c5+ dxc5+ 52. Kc4 Rh2 53. d6
Rd2 54. d7 Rd4+ 55. Kb3 Kc7 56. Bxg4 Rb4+ 57. Ka3 c4 58. Be6 c3 59. Bf5 Kd8 60.
Ka2 Rxa4+ 61. Kb3 Rb4+ 62. Kxc3 Rxb5 63. Be6 Rb6 64. Bc4 Kxd7 65. g4 Kd6 66. g5
fxg5 67. fxg5 Kc5 68. Bf7 Rb4 69. g6 Rg4 70. Kb3 a4+ 71. Ka3 Kb5 72. g7 Rg3+
73. Kb2 Rxg7 74. Be6 Kb4 75. Bd5 Rh7 76. Be6 Rh2+ 77. Ka1 Ka3 78. Bf5 Ra2+ 79.
Kb1 Rf2 80. Be6 Rf1+ 81. Kc2 Rf6 82. Bg8 1/2-1/2

[Event "><емпионат ЦФО РФ среди муж~~ин по класси"]
[Site "Московская область. Одинцовск"]
[Date "2018.03.11"]
[Round "2.3"]
[White "Шкалов, Олег."]
[Black "Домогаев, Сергей."]
[Result "1-0"]
[WhiteElo "2248"]
[BlackElo "2417"]
[PlyCount "87"]
[EventDate "2018.??.??"]

1. d4 d5 2. c4 e6 3. Nc3 a6 4. cxd5 exd5 5. Nf3 Nf6 6. Qc2 Be6 7. Bg5 Nbd7 8.
e3 h6 9. Bh4 g5 10. Bg3 Nh5 11. Bd3 Nxg3 12. hxg3 Bg7 13. Rc1 c6 14. Bf5 Bxf5
15. Qxf5 Qe7 16. g4 Qe6 17. Ne2 Nf6 18. Ne5 h5 19. Qxg5 Bh6 20. Qf5 Qxf5 21.
gxf5 Ke7 22. Ng3 Rag8 23. Ke2 Bg5 24. Rh3 h4 25. Rch1 Ne8 26. Nf3 Nd6 27. Nxh4
Bxh4 28. Rxh4 Rxh4 29. Rxh4 Rg5 30. Rh8 Ne4 31. Nxe4 dxe4 32. Rb8 Rxf5 33.
Rxb7+ Kd6 34. f3 Rg5 35. Kf2 exf3 36. gxf3 Rh5 37. Kg3 f6 38. a4 a5 39. b4 axb4
40. Rxb4 Ra5 41. e4 Rh5 42. d5 f5 43. dxc6 fxe4 44. Rc4 1-0

[Event "><емпионат ЦФО РФ среди муж~~ин по класси"]
[Site "Московская область. Одинцовск"]
[Date "2018.03.11"]
[Round "2.4"]
[White "Родин, Дмитрий."]
[Black "Шкуркин, Андрей."]
[Result "1-0"]
[WhiteElo "2398"]
[BlackElo "2228"]
[PlyCount "173"]
[EventDate "2018.??.??"]

1. e4 c6 2. d4 d5 3. e5 Bf5 4. Nf3 e6 5. Be2 c5 6. O-O Nc6 7. Be3 Qb6 8. b3
cxd4 9. Nxd4 Nxd4 10. Bxd4 Bc5 11. Bb2 Ne7 12. Nc3 O-O 13. Na4 Qc7 14. Qd2 Rfd8
15. Rac1 Rac8 16. Rfd1 Bg6 17. h4 h6 18. h5 Bh7 19. Nxc5 Qxc5 20. c4 Nc6 21.
cxd5 Qxd5 22. Qc3 Qe4 23. Bf3 Qb4 24. Rxd8+ Rxd8 25. Bxc6 Qxc3 26. Rxc3 bxc6
27. Rxc6 Be4 28. Rc4 Bd3 29. Rc7 a6 30. Bc3 g6 31. hxg6 Bxg6 32. b4 Rd1+ 33.
Kh2 Rc1 34. a4 Bd3 35. Rc5 Rc2 36. Kg3 Ra2 37. b5 axb5 38. axb5 Ra3 39. b6 Rb3
40. Ba5 Be4+ 41. f3 Bd5 42. Rc8+ Kg7 43. Rb8 Kg6 44. Bd2 h5 45. Kh4 Kf5 46. Rf8
Kg6 47. Rg8+ Kh7 48. Rb8 Kg6 49. Be1 Rb2 50. Kh3 Kf5 51. Bg3 Rb1 52. Rf8 Kg6
53. Bf2 Rh1+ 54. Kg3 Rb1 55. Bc5 Rb5 56. Be7 Rxb6 57. Bf6 Rb7 58. Rg8+ Kh6 59.
Rg7 Ra7 60. Kh4 Ra4+ 61. Kh3 Ra7 62. g4 hxg4+ 63. fxg4 Ra4 64. Rxf7 Bf3 65.
Bg7+ Kg6 66. Rxf3 Kxg7 67. Rf6 Ra6 68. Kh4 Rb6 69. Kh5 Ra6 70. g5 Ra1 71. Rxe6
Rh1+ 72. Kg4 Rg1+ 73. Kf5 Rf1+ 74. Ke4 Rg1 75. Rf6 Rxg5 76. Kd5 Rg1 77. Ke6 Ra1
78. Rf7+ Kg6 79. Rd7 Ra6+ 80. Rd6 Ra7 81. Rb6 Kg7 82. Kf5 Kf7 83. Rf6+ Ke8 84.
Re6+ Re7 85. Kf6 Rxe6+ 86. Kxe6 Kd8 87. Kf7 1-0

[Event "><емпионат ЦФО РФ среди муж~~ин по класси"]
[Site "Московская область. Одинцовск"]
[Date "2018.03.11"]
[Round "2.5"]
[White "Иоффе, Илья."]
[Black "Вдовин, Вадим."]
[Result "1-0"]
[WhiteElo "2231"]
[BlackElo "2381"]
[PlyCount "147"]
[EventDate "2018.??.??"]

1. e4 e5 2. Nf3 Nc6 3. Bc4 Nf6 4. d3 Bc5 5. O-O d6 6. c3 Bb6 7. Nbd2 Ne7 8. Bb3
c6 9. Re1 Ng6 10. Nc4 Bc7 11. d4 b5 12. Ncd2 O-O 13. a4 h6 14. Nf1 a5 15. axb5
cxb5 16. Ng3 Rb8 17. Be3 Ng4 18. Bd2 Re8 19. Nf5 Nf4 20. Nxe5 Nxe5 21. Bxf4 Nc4
22. Rb1 d5 23. Bxc7 Qxc7 24. Ng3 dxe4 25. Nxe4 Bf5 26. Bc2 Qc6 27. Qf3 Bg6 28.
Bd3 Kh8 29. b3 f5 30. Nd2 Qxf3 31. Nxf3 Nd6 32. Ne5 Bh5 33. f3 Rec8 34. Rbc1
Be8 35. c4 bxc4 36. bxc4 Rb4 37. c5 Nb5 38. d5 Rd4 39. Bxf5 Rd8 40. d6 Rd5 41.
d7 Bxd7 42. Bxd7 R5xd7 43. Nxd7 Rxd7 44. c6 Rc7 45. Red1 Na7 46. Rd6 Kg8 47.
Kf2 Kf8 48. f4 Ke7 49. Rg6 Kf7 50. f5 Nc8 51. g4 a4 52. Rb1 Ne7 53. Rb7 Rc8 54.
Re6 Re8 55. Ra7 Kf8 56. Rxa4 Rc8 57. Rc4 h5 58. h3 hxg4 59. hxg4 Kf7 60. c7 g6
61. Rd6 gxf5 62. g5 Rg8 63. Rf6+ Kg7 64. Re6 Nc8 65. g6 Kh6 66. Rd4 Rg7 67. Rc6
Rg8 68. Rd8 Kg7 69. Rxg8+ Kxg8 70. Re6 Kf8 71. g7+ Kf7 72. Re8 Kxe8 73. g8=Q+
Kd7 74. Qd8+ 1-0

[Event "><емпионат ЦФО РФ среди муж~~ин по класси"]
[Site "Московская область. Одинцовск"]
[Date "2018.03.11"]
[Round "2.6"]
[White "Быков, Олег."]
[Black "Новиков, Алексей."]
[Result "1-0"]
[WhiteElo "2348"]
[BlackElo "1869"]
[PlyCount "87"]
[EventDate "2018.??.??"]

1. d4 Nf6 2. c4 g6 3. Nf3 Bg7 4. g3 O-O 5. Bg2 d6 6. O-O Nc6 7. Nc3 Rb8 8. Qd3
e5 9. d5 Ne7 10. e4 Nd7 11. b4 f5 12. c5 Nf6 13. Nd2 dxc5 14. bxc5 fxe4 15.
Ndxe4 Nfxd5 16. Nxd5 Nxd5 17. Bg5 Qd7 18. Nd6 Nf6 19. Qb3+ Kh8 20. Nb5 Qe7 21.
Qe3 c6 22. Nd6 Qe6 23. Qa3 a6 24. Rab1 Nd5 25. Rfd1 Bd7 26. Be3 Nxe3 27. Qxe3
Qxa2 28. Nxb7 Bg4 29. Rf1 Qa4 30. Rb6 e4 31. Nd6 Rxb6 32. cxb6 Bf3 33. Bxf3
exf3 34. Qe6 Bd4 35. Nf7+ Kg7 36. Ng5 Qb4 37. Qd7+ Kh6 38. h4 Bxf2+ 39. Kh1 Rh8
40. Nf7+ Kh5 41. Nxh8 Bxg3 42. Qxh7+ Kg4 43. Qxg6+ Kxh4 44. Qf6+ 1-0

[Event "><емпионат ЦФО РФ среди муж~~ин по класси"]
[Site "Московская область. Одинцовск"]
[Date "2018.03.11"]
[Round "2.7"]
[White "Фролов, Артём."]
[Black "Смирнов, Тимофей."]
[Result "0-1"]
[WhiteElo "1474"]
[BlackElo "2318"]
[PlyCount "54"]
[EventDate "2018.??.??"]

1. e4 e5 2. Nf3 Nc6 3. Bc4 Bc5 4. d3 Nf6 5. Bg5 d6 6. c3 Bb6 7. Nbd2 O-O 8. O-O
Kh8 9. b4 Ne7 10. Qe2 Ng6 11. a4 c6 12. a5 Bc7 13. d4 h6 14. Be3 d5 15. Bd3
dxe4 16. Nxe4 Nxe4 17. Bxe4 f5 18. Bc2 e4 19. Ne1 f4 20. Bxe4 fxe3 21. Bxg6 Qd6
22. Nf3 Rxf3 23. g3 Bg4 24. Qc2 Rxf2 25. Rxf2 exf2+ 26. Qxf2 Qxg6 27. Re1 Re8
0-1

[Event "><емпионат ЦФО РФ среди муж~~ин по класси"]
[Site "Московская область. Одинцовск"]
[Date "2018.03.11"]
[Round "2.8"]
[White "Сидоренко, Алексей."]
[Black "Балашов, o/oрий."]
[Result "1/2-1/2"]
[WhiteElo "2194"]
[BlackElo "2431"]
[PlyCount "156"]
[EventDate "2018.??.??"]

1. d4 Nf6 2. Nf3 e6 3. g3 c5 4. Bg2 cxd4 5. O-O d5 6. b3 Nc6 7. Nxd4 Bc5 8. Bb2
O-O 9. e3 Bd7 10. Nd2 Qe7 11. N2f3 Rfd8 12. Qe2 Ba3 13. Nxc6 Bxc6 14. Rab1 Bxb2
15. Rxb2 Qa3 16. c4 dxc4 17. bxc4 Rac8 18. Nd4 Bxg2 19. Kxg2 b6 20. Rc2 Qc5 21.
Nb3 Qc6+ 22. f3 Nd7 23. Rd1 Qc7 24. Rcd2 g6 25. Rd4 Ne5 26. Rxd8+ Rxd8 27.
Rxd8+ Qxd8 28. c5 Qd5 29. e4 Qd7 30. f4 Nc6 31. Qb5 Qc7 32. a4 h5 33. cxb6 axb6
34. Qc4 Qd6 35. Qb5 Qc7 36. Qc4 Qd6 37. Qb5 Nb4 38. e5 Qf8 39. Qxb6 Qa8+ 40.
Kh3 Nd5 41. Qd4 Qa6 42. Qf2 Qxa4 43. Nd2 Qd1 44. Kg2 Qc2 45. h4 Qd3 46. Nf1 Nc3
47. Qd2 Qe4+ 48. Kh2 Nd5 49. Qf2 Kg7 50. Kg1 Qd3 51. Kg2 Nc3 52. Qe3 Qc2+ 53.
Qf2 Qa4 54. Nd2 Qd1 55. Qe3 Nd5 56. Qf2 Ne7 57. Nf1 Qd3 58. Qf3 Qc2+ 59. Qf2
Qc6+ 60. Qf3 Nd5 61. Kg1 Qc2 62. Qf2 Qb1 63. Kg2 Nc3 64. Nd2 Qd3 65. Nf3 Nd1
66. Qd2 Ne3+ 67. Kf2 Ng4+ 68. Kg2 Qe4 69. Qe1 Qa4 70. Qe2 Qb3 71. Ng5 Ne3+ 72.
Kf2 Nf5 73. Nf3 Qc3 74. Kg2 Qc1 75. Qd2 Ne3+ 76. Kf2 Ng4+ 77. Kg2 Qc5 78. Qe2
Ne3+ 1/2-1/2

[Event "><емпионат ЦФО РФ среди муж~~ин по класси"]
[Site "Московская область. Одинцовск"]
[Date "2018.03.11"]
[Round "2.9"]
[White "Айрапетян, Гор."]
[Black "><ередни~~енко, Дмитрий."]
[Result "0-1"]
[WhiteElo "2452"]
[BlackElo "2299"]
[PlyCount "108"]
[EventDate "2018.??.??"]

1. d4 d5 2. c4 e6 3. Nc3 c6 4. Nf3 dxc4 5. a4 Bb4 6. e3 b5 7. Bd2 a5 8. axb5
Bxc3 9. Bxc3 cxb5 10. b3 Bb7 11. bxc4 b4 12. Bb2 Nf6 13. Bd3 O-O 14. O-O Nbd7
15. Re1 Ne4 16. Qc2 f5 17. c5 Bd5 18. Rec1 Qc7 19. Bb5 Ndf6 20. h3 f4 21. Re1
Qb7 22. Ba4 fxe3 23. Rxe3 Rfc8 24. Qe2 h6 25. Ne5 Ng5 26. f3 Nf7 27. Nc4 Bxc4
28. Qxc4 Nd8 29. Rae1 Qf7 30. Qd3 Ra7 31. Re5 Kf8 32. f4 Nc6 33. Rxe6 Ne7 34.
Qf3 Rd8 35. g4 Nfd5 36. f5 h5 37. Rd6 Raa8 38. Bb3 a4 39. Rxd8+ Rxd8 40. Bxa4
hxg4 41. hxg4 Qf6 42. Bb3 Qg5 43. Bc1 Qh4 44. Re5 Nf6 45. Bd1 Rxd4 46. Qa8+ Ne8
47. Qf3 Rxd1+ 48. Qxd1 Qg3+ 49. Kf1 Qxe5 50. Qc2 Nc6 51. Qc4 Qg3 52. Bf4 Qf3+
53. Ke1 b3 54. f6 gxf6 0-1

[Event "><емпионат ЦФО РФ среди муж~~ин по класси"]
[Site "Московская область. Одинцовск"]
[Date "2018.03.11"]
[Round "2.10"]
[White "Журавлев, Степан."]
[Black "Тер-Саакян, Григорий."]
[Result "1-0"]
[WhiteElo "2086"]
[BlackElo "2120"]
[PlyCount "147"]
[EventDate "2018.??.??"]

1. d4 d5 2. c4 c6 3. Nc3 Nf6 4. e3 a6 5. Qc2 b5 6. b3 Bg4 7. Nge2 Bxe2 8. Bxe2
e6 9. O-O Bd6 10. e4 b4 11. e5 bxc3 12. exd6 Qxd6 13. Qxc3 O-O 14. Bf3 Nbd7 15.
g3 e5 16. dxe5 Nxe5 17. Bf4 d4 18. Bxe5 Qxe5 19. Qd3 Rac8 20. Rfe1 Qd6 21. c5
Qxc5 22. Qxa6 Qc3 23. Kg2 c5 24. Rac1 Qd2 25. Red1 Qg5 26. b4 Nd7 27. h4 Qf5
28. Qd3 Qxd3 29. Rxd3 Ne5 30. Rdd1 Nxf3 31. Kxf3 cxb4 32. Rxc8 Rxc8 33. Rxd4
Rb8 34. Rd2 g6 35. Rb2 Ra8 36. Ke4 Kg7 37. Kd4 Kf6 38. Kc4 Ke5 39. Kxb4 Rb8+
40. Kc3 Rc8+ 41. Kd2 Rd8+ 42. Kc1 Ra8 43. Kb1 h5 44. Rb3 f6 45. a3 Ra5 46. Kb2
g5 47. Rb4 Kf5 48. a4 Ra8 49. Ka3 Ra7 50. f3 Ke6 51. Rb6+ Ke7 52. hxg5 fxg5 53.
Rh6 Rd7 54. Rxh5 Rd3+ 55. Kb4 Rxf3 56. Rxg5 Kd6 57. a5 Kc6 58. Rg6+ Kb7 59. Kc4
Rf1 60. Kd4 Kc7 61. a6 Ra1 62. Ke4 Kd7 63. Kf4 Ke7 64. Rb6 Kf7 65. Rb7+ Kf6 66.
a7 Ra4+ 67. Ke3 Ke5 68. Kd3 Kd5 69. Kc3 Ra3+ 70. Kb4 Ra6 71. Rb5+ Kc6 72. Ra5
Rxa5 73. Kxa5 Kb7 74. g4 1-0

[Event "><емпионат ЦФО РФ среди муж~~ин по класси"]
[Site "Московская область. Одинцовск"]
[Date "2018.03.11"]
[Round "2.11"]
[White "Букатин, Арсений."]
[Black "Гра~~ев, Андрей."]
[Result "0-1"]
[WhiteElo "1882"]
[BlackElo "2274"]
[PlyCount "52"]
[EventDate "2018.??.??"]

1. e4 e6 2. d4 d5 3. Nc3 Bb4 4. e5 c5 5. a3 Bxc3+ 6. bxc3 Ne7 7. Qg4 cxd4 8.
Qxg7 Rg8 9. Qxh7 Qc7 10. Ne2 Nbc6 11. f4 dxc3 12. Qd3 d4 13. Ng3 Bd7 14. Be2
O-O-O 15. Bf3 Qb6 16. Ne4 Nf5 17. Kf2 Kb8 18. h4 Nb4 19. axb4 Bb5 20. Qd1 Ne3
21. Qg1 Nxc2 22. Rb1 d3+ 23. Nc5 d2 24. Rb3 Nxb4 25. Rxc3 Nd3+ 26. Rxd3 Qxc5+
0-1

[Event "><емпионат ЦФО РФ среди муж~~ин по класси"]
[Site "Московская область. Одинцовск"]
[Date "2018.03.11"]
[Round "2.12"]
[White "Попов, Олег."]
[Black "Мищеряков, Алексей."]
[Result "1-0"]
[WhiteElo "2127"]
[BlackElo "1906"]
[PlyCount "85"]
[EventDate "2018.??.??"]

1. e4 c5 2. Nf3 d6 3. Bb5+ Nd7 4. d4 cxd4 5. Qxd4 a6 6. Bxd7+ Bxd7 7. Nc3 h6 8.
Be3 e6 9. O-O-O b5 10. Rhe1 e5 11. Qd3 Nf6 12. Nd5 Nxd5 13. Qxd5 Rc8 14. Re2
Qc7 15. b3 Qc3 16. Kb1 Bc6 17. Qd3 Qa5 18. Nh4 g6 19. f4 Be7 20. Nf3 b4 21. Rf2
Bb7 22. fxe5 Rc3 23. Qd4 d5 24. e6 f6 25. exd5 Qxd5 26. Qxd5 Bxd5 27. Rxd5 Rxe3
28. Nd4 f5 29. Re2 Rxe2 30. Nxe2 O-O 31. Rd7 Bg5 32. c3 bxc3 33. Nxc3 Re8 34.
Rd6 a5 35. Ra6 Kg7 36. Nd5 Bd8 37. Kc2 g5 38. Kd3 Bf6 39. a4 Be5 40. h3 Rd8 41.
Kc4 Rd6 42. e7 Kf7 43. Ra8 1-0